Education for value, ethnology and inclusivity (Record no. 393803)

MARC details
000 -LEADER
fixed length control field 00552 a2200205 4500
005 - DATE & TIME
control field 20260128121503.0
008 - FIXED-LENGTH DATA ELEMENTS--GENERAL INFORMATION
fixed length control field 260101b |||||||| |||| 00| 0 eng d
020 ## - ISBN
International Standard Book Number 9789349202290
Price Rs. 750.00
040 ## - CATALOGING SOURCE
Original cataloging agency VIVEKANANDA LIBRARY
082 ## - DDC NUMBER
Classification number 370.114
Book Number M583E
100 ## - MAIN ENTRY--PERSONAL NAME
Personal name Mickel T, Nisy, ed.
245 ## - TITLE STATEMENT
Title Education for value, ethnology and inclusivity
260 ## - PUBLICATION, DISTRIBUTION, ETC. (IMPRINT)
Name of publisher, distributor, etc V R Book International
Date of publication, distribution, etc 2025
Place of publication, distribution, etc New Delhi
300 ## - PHYSICAL DESCRIPTION
Pages xi, 180
650 ## - Subject
Subject Education
650 ## - Subject
Subject Inclusion
650 ## - Subject
Subject Value Education
700 ## - Added Entry Personal Name
Added Entry Personal Name Amith Kumar K A, ed.
942 ## - ADDED ENTRY ELEMENTS (KOHA)
Koha item type Books
Holdings
Withdrawn status Lost status Source of classification or shelving scheme Damaged status Not for loan Location (home branch) Sublocation or collection (holding branch) Shelving location Date acquired Koha issues (times borrowed) Koha full call number Accession No. Koha date last seen Koha item type
    Dewey Decimal Classification     VIVEKANANDA LIBRARY VIVEKANANDA LIBRARY Centre for Disability Studies 03/12/2025   370.114 M583E 443447 03/12/2025 Books
    Dewey Decimal Classification     VIVEKANANDA LIBRARY VIVEKANANDA LIBRARY Centre for Disability Studies 03/12/2025   370.114 M583E 443448 03/12/2025 Books
    Dewey Decimal Classification     VIVEKANANDA LIBRARY VIVEKANANDA LIBRARY Centre for Disability Studies 03/12/2025   370.114 M583E 443446 03/12/2025 Books
© Designed and Maintained by Vivekananda Library, MDU Rohtak